| 000 | 04605cam a2200325 a 4500 | ||
|---|---|---|---|
| 003 | EG-GiCUC | ||
| 005 | 20250223031315.0 | ||
| 008 | 151007s2015 ua d f m 000 0 ara d | ||
| 040 |
_aEG-GiCUC _bara _cEG-GiCUC |
||
| 041 | 0 | _aara | |
| 049 | _aايداع | ||
| 097 | _aماجستير | ||
| 099 | _aCai01.05.01.M.Sc.2015.رش.أ | ||
| 100 | 0 | _aرشا كمال محمد السيد | |
| 245 | 1 | 0 |
_aأثر تطبيق التسـويـق الإجتماعى على قيمة مساهمة العلامة التجارية / _cرشا كمال محمد السيد ؛ اشراف جمال سيد عبدالعزيـز |
| 246 | 1 | 5 | _aThe impact of societal marketing application on Brand equity |
| 260 |
_aالقاهرة : _bرشا كمال محمد السيد : _c2015 |
||
| 300 |
_a160 ورقة : _bرسوم بيانية ؛ _c30سم |
||
| 502 | _aاطروحة (ماجستير) - جامعة القاهرة - كلية التجارة - قسم إدارة الأعمال | ||
| 520 | _aتهدف هذه الدراسة إلى تحد{u٠٦أأ}د أثر تطب{u٠٦أأ}ق التسو{u٠٦أأ}ق الإجتماعي علي ق{u٠٦أأ}مة مساهمة العلامة التجار{u٠٦أأ}ة في شركات اتصالات الهاتف المحمول العاملة في مصر وذلك من خلال ق{u٠٦أأ}اس العلاقة ب{u٠٦أأ}ن أبعاد التسو{u٠٦أأ}ق الإجتماعى وتأث{u٠٦أأ}رها على ق{u٠٦أأ}مة مساهمة العلامة التجار{u٠٦أأ}ة. كما هدفت الدراسة أ{u٠٦أأ}ضا إلى تحد{u٠٦أأ}د المبادئ والعوامل و المتطلبات الرئ{u٠٦أأ}س{u٠٦أأ}ة اللازمة لتطب{u٠٦أأ}ق التسو{u٠٦أأ}ق الإجتماعى وأبعاده والتي تؤدى إلى رفع ق{u٠٦أأ}مة مساهمة العلامة التجار{u٠٦أأ}ة في شركات الاتصالات. ولق{u٠٦أأ}اس متغيرات الدراسة فقد تم استخدام عدة مقا{u٠٦أأ}{u٠٦أأ}س لق{u٠٦أأ}اس كلا من الأبعاد المختلفة للتسو{u٠٦أأ}ق الإجتماعى (خصائص برنامج التسو{u٠٦أأ}ق الإجتماعى: وهدف برنامج التسو{u٠٦أأ}ق الإجتماعى: آل{u٠٦أأ}ة توص{u٠٦أأ}ل برنامج التسو{u٠٦أأ}ق الإجتماعى: القطاع المستهدف لبرنامج التسو{u٠٦أأ}ق الإجتماعى):وق{u٠٦أأ}مة مساهمة العلامة التجار{u٠٦أأ}ة( كالوعي بالعلامة التجار{u٠٦أأ}ة: إدارك العملاء لجودة منتجات الشركة :الانطباعات الذهن{u٠٦أأ}ة: والولاء للعلامة للتجار{u٠٦أأ}ة). اعتمدت الباحثة في جمع الب{u٠٦أأ}انات الأول{u٠٦أأ}ة على أسلوب الاستقصاء من ع{u٠٦أأ}نة عشوائ{u٠٦أأ}ة بس{u٠٦أأ}طة من عملاء التل{u٠٦أأ}فون المحمول في فروع شركات الاتصالات الثلاثة وقد تم أخذ الع{u٠٦أأ}نة على مراحل وشرائح وبلغت الع{u٠٦أأ}نة بعد الفرز (٤٠١عم{u٠٦أأ}ل). تم استخدام معامل للتأكد من ثبات مقا{u٠٦أأ}{u٠٦أأ}س الدارسة. ولاختبار فروض الدارسة تم استخدام مصفوفة ارتباط ب{u٠٦أأ}رسون لق{u٠٦أأ}اس قوة واتجاه العلاقة ب{u٠٦أأ}ن أبعاد ومتغ{u٠٦أأ}را رت الدراسة: أسلوب الانحدار الخطى البس{u٠٦أأ}ط والمتعدد لق{u٠٦أأ}اس أثر العلاقات ب{u٠٦أأ}ن التسو{u٠٦أأ}ق الاجتماعي على ق{u٠٦أأ}مة مساهمة العلامة التجار{u٠٦أأ}ة. وتتمثل النتائج الرئ{u٠٦أأ}س{u٠٦أأ}ة لهذه الدارسة في وجود علاقة ا{u٠٦أأ}جاب{u٠٦أأ}ة ذات دلالة معنو{u٠٦أأ}ة ب{u٠٦أأ}ن أبعاد التسو{u٠٦أأ}ق الإجتماعى وق{u٠٦أأ}مة مساهمة العلامة التجار{u٠٦أأ}ة | ||
| 530 | _aصدر ايضا كقرص مدمج | ||
| 653 | 4 | _aالتسو{u٠٦أأ}ق الاجتماعي | |
| 653 | 4 | _aق{u٠٦أأ}مة مساھمة العلامة التجار{u٠٦أأ}ة | |
| 653 | 4 | _aمصادر العلامة التجار{u٠٦أأ}ة | |
| 700 | 0 |
_aجمال سيد عبدالعزيـز : _eمشرف |
|
| 856 | _uhttp://172.23.153.220/th.pdf | ||
| 905 |
_aEnas _eCataloger |
||
| 905 |
_aNazla _eRevisor |
||
| 942 |
_2ddc _cTH |
||
| 999 |
_c52581 _d52581 |
||